• 首页
  • 本馆介绍
  • 公告通知
  • 最新文献
  • 馆藏检索
  • 电子资源
  • 读者导购
  • 参考咨询
  • 我的图书馆
  • 登录
  • 详细信息显示
  • 放入我的书架
  • 预约/预借图书
  • 作者相关作品
  • 分类相关作品
  • 丛书相关作品
  • 出版社相关作品

书目信息

  • 表格格式
  • 工作单格式
  • 卡片格式
题名:
专业发展视角下高校教师教学的理性思考
    
 
作者: 唐大光 著
分册:  
出版信息: 长春   吉林科学技术出版社  2020.03
页数: 250页
开本: 24cm
丛书名:
单 册:
中图分类: G642.421
科图分类:
主题词: 高等学校--课堂教学--教学研究
电子资源:
ISBN: 978-7-5578-5847-6
000 01022nam0 2200229 450
001 0103152703
005 20201103152733.0
010    @a978-7-5578-5847-6@dCNY70.00
100    @a20200602d2020 em y0chiy50 ea
101 0  @achi
102    @aCN@b220000
105    @ay z 000yy
106    @ar
200 1  @a专业发展视角下高校教师教学的理性思考@Azhuan ye fa zhan shi jiao xia gao xiao jiao shi jiao xue de li xing si kao@f唐大光著
210    @a长春@c吉林科学技术出版社@d2020.03
215    @a250页@d24cm
330    @a本书共有八章,在对高校教师专业发展的相关理论与研究现状进行了一定的论述的基础上,探讨了高校教师教学口语技能与训练技巧,高校教师的教学设计研究,高校教师的备课、说课、结课能力培养,教师与学生角色转变下的高校教师教学方法,人本管理理念下的高校教师课堂教学管理,高校教师教学艺术以及等问题,同时对高校教师的反思性教学进行了研究。
606 0  @a高等学校@x课堂教学@x教学研究
690    @aG642.421@v5
701  0 @a唐大光@Atang da guang@4著
801  0 @aCN@bBJSZM@c20201103
905    @b1258061-5@dG642.421@e1647@f5
    
    专业发展视角下高校教师教学的理性思考/唐大光著.-长春:吉林科学技术出版社,2020.03
    250页;24cm
    
    
    ISBN 978-7-5578-5847-6:CNY70.00
    本书共有八章,在对高校教师专业发展的相关理论与研究现状进行了一定的论述的基础上,探讨了高校教师教学口语技能与训练技巧,高校教师的教学设计研究,高校教师的备课、说课、结课能力培养,教师与学生角色转变下的高校教师教学方法,人本管理理念下的高校教师课堂教学管理,高校教师教学艺术以及等问题,同时对高校教师的反思性教学进行了研究。
●
相关链接 在E读中查询图书 在五车中查询图书 在当当中查询图书 在豆瓣中查询图书


正题名:专业发展视角下高校教师教学的理性思考     索取号:G642.421/1647         预约/预借

序号 登录号 条形码 馆藏地/架位号 状态 备注
1 1258061   212580615   教育系资料室/ [索取号:G642.421/1647] 在馆    
2 1258062   212580624   教育系资料室/ [索取号:G642.421/1647] 在馆    
3 1258063   212580633   教育系资料室/ [索取号:G642.421/1647] 在馆    
4 1258064   212580642   第四借阅区/ [索取号:G642.421/1647] 在馆    
5 1258065   212580651   第四借阅区/ [索取号:G642.421/1647] 在馆    
6 1286765   212867655   第一样本阅览室/ [索取号:G642.421/1647] 在馆    
7 1286766   212867664   第四借阅区/ [索取号:G642.421/1647] 在馆    
8 1286767   212867673   第四借阅区/ [索取号:G642.421/1647] 在馆    
9 1286768   212867682   第四借阅区/ [索取号:G642.421/1647] 在馆    
唐山师范学院图书馆 欢迎您!
大连网信软件有限公司© 版权所有